Angélica y Medoro (Record no. 152684)
[ view plain ]
| 000 -LEADER | |
|---|---|
| campo de control de longitud fija | 00851nam a2200181 i 4500 |
| 001 - NÚMERO DE CONTROL | |
| campo de control | 152684 |
| 003 - IDENTIFICADOR DE NÚMERO DE CONTROL | |
| campo de control | ES-MaACL |
| 005 - FECHA Y HORA DE LA ÚLTIMA TRANSACCIÓN | |
| campo de control | 20251104171420.0 |
| 008 - DATOS DE LONGITUD FIJA--INFORMACIÓN GENERAL | |
| campo de control de longitud fija | 931025s1856 sp |||| | spa d |
| 100 1# - ENTRADA PRINCIPAL--NOMBRE DE PERSONA | |
| Nombre de persona | Bremón, Leopoldo María. |
| 9 (RLIN) | 126159 |
| 245 10 - MENCIÓN DEL TÍTULO | |
| Título | Angélica y Medoro |
| Resto del título | : zarzuela en un acto / |
| Mención de responsabilidad, etc. | Leopoldo María Bremón ; música de Dionisio Scarlatti. |
| 260 ## - PUBLICACIÓN, DISTRIBUCIÓN, ETC. | |
| Lugar de publicación, distribución, etc. | Madrid : |
| Nombre del editor, distribuidor, etc. | [s.n.], |
| Fecha de publicación, distribución, etc. | 1856 ( |
| Fabricante | Imp. à cargo de D. Francisco del Castillo) |
| 300 ## - DESCRIPCIÓN FÍSICA | |
| Extensión | 28 p. ; |
| Dimensiones | 20 cm. |
| 500 ## - NOTA GENERAL | |
| Nota general | Solo la letra. |
| 700 1# - ENTRADA AGREGADA--NOMBRE PERSONAL | |
| Nombre de persona | Scarlatti y Aldama, Dionisio, |
| Fechas asociadas al nombre | m. 1880 |
| 9 (RLIN) | 132528 |
| 852 ## - LOCALIZACIÓN | |
| Ubicación | ES-MaACL |
| Número de control de estantería | F-8577(3) |
| Nota libre | -- Enc. pasta española, falto de la cub. original |
| -- | -- Dedicatoria ms.: ded. del autor a Federico Pérez de Molina |
| -- | -- Enc. en un vol. facticio, formando parte de la col. facticia "Teatro español moderno", vol. 30 |
| Estatus retirado | Estado de pérdida | Estado de daño | No para préstamo | Colección | Biblioteca de origen | Biblioteca actual | Ubicación en estantería | Fecha de adquisición | Total de préstamos | Signatura topográfica completa | Código de barras | Visto por última vez | Precio de reemplazo | Tipo de ítem Koha |
|---|---|---|---|---|---|---|---|---|---|---|---|---|---|---|
| Libros del s. XIX | Biblioteca del Ateneo de Madrid | Biblioteca del Ateneo de Madrid | Sala Pecera Planta 2 | 17/01/2008 | F-8577(3) | 1159454 | 23/02/2023 | 23/02/2023 | Libro impreso antiguo |
